000 00536nam a2200193Ia 4500
008 151119s9999||||xx |||||||||||||| ||und||
082 _a891.461
082 _bGKKV25497
100 _aदेशपांडे भालचंद्र
245 _aपुष्य
260 _a--
260 _b--
260 _c2005
600 _aदेशपांडे भालचंद्र
630 _aपुष्य
700 _aदेशपांडे भालचंद्र
730 _aपुष्य
942 _cBOOK
999 _c1078012
_d1078009